Țările Americii de Sud - Statistics

General Stats
  • This quiz has been taken 34 times
  • The average score is 11 of 12
Answers on the Map
Answers color-coded by a green-red scale on the quiz's map according to % correct below.
 
Answer Stats
Țară % Correct
Argentina
100%
Brazilia
100%
Chile
100%
Paraguay
100%
Peru
100%
Uruguay
100%
Columbia
92%
Ecuador
92%
Venezuela
92%
Bolivia
85%
Guyana
77%
Surinam
77%
No matching quizzes found
Score Distribution
Percent of People with Each Score
Percentile by Number Answered
Your Score History
You have not taken this quiz